Star Wars: The Force Unleashed: Bosses - Statistics

General Stats
  • This quiz has been taken 10 times
  • The average score is 12 of 20
Answer Stats
Game Planet Boss % Correct
Star Wars: The Force Unleashed Death Star Darth Vader
88%
Star Wars: The Force Unleashed II Kamino Darth Vader
88%
Star Wars: The Force Unleashed Felucia Shaak Ti
88%
Star Wars: The Force Unleashed Nar Shaddaa General Kota
75%
Star Wars: The Force Unleashed: The Ultimate Sith Edition Hoth Luke Skywalker
75%
Star Wars: The Force Unleashed: The Ultimate Sith Edition Tatooine Obi-Wan Kenobi
75%
Star Wars: The Force Unleashed Kashyyk Rogue Jedi
75%
Star Wars: The Force Unleashed Death Star The Emperor
75%
Star Wars: The Force Unleashed: The Ultimate Sith Edition Tatooine Boba Fett
63%
Star Wars: The Force Unleashed Felucia Bull Rancor
63%
Star Wars: The Force Unleashed II Endor Chewbacca
63%
Star Wars: The Force Unleashed: The Ultimate Sith Edition Tatooine Jabba's Rancor
63%
Star Wars: The Force Unleashed II Endor Leia
63%
Star Wars: The Force Unleashed Raxus Prime Kazdan Paratus
50%
Star Wars: The Force Unleashed Felucia Maris Brood
50%
Star Wars: The Force Unleashed Raxus Prime PROXY
38%
Star Wars: The Force Unleashed II Cato Neimoidia The Gorog
38%
Star Wars: The Force Unleashed: The Ultimate Sith Edition Coruscant Dark Apprentice
25%
Star Wars: The Force Unleashed Nar Shaddaa Shadow Guard
25%
Star Wars: The Force Unleashed Death Star Shadow Guard
25%
No matching quizzes found
Score Distribution
Percent of People with Each Score
Percentile by Number Answered
Your Score History
You have not taken this quiz